000 00724nam a2200289Ia 4500
005 20260324144458.0
008 008 260324s9999 xx 000 0 eng d
020 _a9781003136163
037 _aEBOOK
040 _aCRL
040 _beng
040 _cCRL
041 _2eng
041 _aeng
084 _qCRL
100 _aPeter van der Veer
_91209944
245 0 _aGods on Earth
245 4 _bThe Management of Religious Experience and Identity in a North Indian Pilgrimage Centre
260 _bTaylor and Francis
260 _c1988
365 _a
365 _b180
856 _uhttp://www.taylorfrancis.com/books/9781003136163
942 _cEBOOK
999 _c1826136
_d1826136